00597nam a2200145 a 450000500170000000800410001702000180005805000180007610000190009424500320011326000310014530000090017652002450018565000210043020140412111339.0041012s19uu xx 00 eng d a0-7445-7837-x aERbJu98 1996 aMcBratney, Sam aJust One! /cSam McBratney. aHongkong :bWalker,c1996. aunp. aLittle Digger is left in charge of a big pile of blackberries, while old and grey goes to fetch something to put them in. "Don't eat too many," the old squirrel says. But when some unexpected visitors come by, too many soon become very few! aChildren stories